000 00485nam a22001817a 4500
999 _c5526
_d5526
003 OSt
005 20220420075419.0
008 220420b ||||| |||| 00| 0 eng d
020 _a9780295736540
040 _cALUPE UNIVERSITY
050 _aPL8702
_b.M38 2011
100 _aMatei, Assumpta K.
_d2011
245 _aFani Ya Fasihi Simulizi
260 _aNairobi
_bOxford University Press
_cc2011.
300 _avi; 186p.
_bill;
_c25cm.
504 _aIncludes References
942 _2lcc
_cBK